[Event "GER CupT prel8"]
[Site "Weida"]
[Date "2016.01.23"]
[Round "1.2"]
[White "Schubert, Ralf"]
[Black "Kuenzel, Andre"]
[Result "1-0"]
[WhiteElo "2084"]
[BlackElo "1867"]
[PlyCount "123"]
[EventDate "2016.01.23"]
[EventType "team-k.o."]
[EventRounds "2"]
[EventCountry "GER"]
[SourceTitle "EXT 2017"]
[Source "ChessBase"]
[SourceDate "2016.10.25"]
[SourceVersion "1"]
[SourceVersionDate "2016.10.25"]
[SourceQuality "1"]
[WhiteTeam "Dessau"]
[BlackTeam "Weida"]
[WhiteTeamCountry "GER"]
[BlackTeamCountry "GER"]

1. d4 d6 2. e4 Nf6 3. Nc3 e5 4. dxe5 dxe5 5. Qxd8+ Kxd8 6. Bg5 Be6 7. 0-0-0+ Nbd7 8. f3 c6 9. g3 Bb4 10. Nge2 Kc7 11. h4 b5 12. Bh3 Bxh3 13. Rxh3 h5 14. Rf1 Bc5 15. Nd1 a5 16. Nf2 a4 17. Nd3 Bd6 18. Nc3 b4 19. Nd1 b3 20. cxb3 a3 21. Nc3 Nc5 22. Nxc5 Bxc5 23. bxa3 Rxa3 24. Kb1 Bd4 25. Bc1 Ra6 26. Bb2 Rha8 27. Rh2 Nd7 28. Rc1 Kd6 29. Na4 Rb8 30. Rd2 c5 31. f4 f6 32. Rc4 Nb6 33. Nxb6 Raxb6 34. fxe5+ fxe5 35. Bxd4 exd4 36. Rf2 Rb4 37. Rxb4 Rxb4 38. Rf5 g6 39. Rd5+ Kc6 40. Kc2 Rb8 41. Rg5 Rf8 42. Rxg6+ Kb5 43. a4+ Kb4 44. Rb6+ Ka3 45. Rb5 Rf2+ 46. Kd1 Rg2 47. a5 Rxg3 48. a6 Rg1+ 49. Ke2 Rg2+ 50. Kf3 Rg8 51. Rxc5 Kxb3 52. a7 Rf8+ 53. Ke2 Kb4 54. Rc7 Ka5 55. Kd3 Rd8 56. Rb7 Ra8 57. Kxd4 Ka6 58. Rd7 Rxa7 59. Rxa7+ Kxa7 60. Kd5 Kb7 61. Kd6 Kc8 62. Ke7 1-0

[Event "Oberliga Ost-A 1516"]
[Site "Germany"]
[Date "2016.01.16"]
[Round "6.3"]
[White "Proehl, Holger"]
[Black "Schubert, Ralf"]
[Result "1-0"]
[WhiteElo "2373"]
[BlackElo "2145"]
[PlyCount "79"]
[EventDate "2015.09.20"]
[EventType "team-tourn"]
[EventRounds "11"]
[EventCountry "GER"]
[SourceTitle "EXT 2017"]
[Source "ChessBase"]
[SourceDate "2016.10.25"]
[SourceVersion "1"]
[SourceVersionDate "2016.10.25"]
[SourceQuality "1"]
[WhiteTeam "Loeberitz"]
[BlackTeam "Dessau"]
[WhiteTeamCountry "GER"]
[BlackTeamCountry "GER"]

1. e4 d6 2. d4 g6 3. Nf3 Bg7 4. h3 c5 5. dxc5 Qa5+ 6. c3 Qxc5 7. Bd3 Nf6 8. 0-0 0-0 9. a4 Bd7 10. Re1 Rd8 11. Na3 Qc8 12. Nc2 Nc6 13. Bf1 e5 14. Bg5 Be6 15. Ne3 Ne7 16. c4 h6 17. Bxf6 Bxf6 18. Qd2 Bg7 19. Nd5 Qd7 20. Bd3 Bxd5 21. cxd5 Rdc8 22. a5 Rc7 23. Qb4 Rac8 24. Nd2 f5 25. Nb3 fxe4 26. Bxe4 Rc4 27. Qd2 Qb5 28. Qd1 Qb4 29. Bd3 e4 30. Bxc4 Rxc4 31. Re2 Nf5 32. Nd2 Rd4 33. Qc2 e3 34. fxe3 Rxd5 35. Ra4 Qxb2 36. Qxb2 Bxb2 37. Kf2 Rd3 38. Nc4 Bf6 39. g4 Bh4+ 40. Kf3 1-0

[Event "Oberliga Ost-A 1516"]
[Site "Germany"]
[Date "2015.12.13"]
[Round "5.4"]
[White "Hentzgen, Thomas"]
[Black "Schubert, Ralf"]
[Result "1/2-1/2"]
[WhiteElo "2047"]
[BlackElo "2145"]
[PlyCount "51"]
[EventDate "2015.09.20"]
[EventType "team-tourn"]
[EventRounds "11"]
[EventCountry "GER"]
[SourceTitle "EXT 2017"]
[Source "ChessBase"]
[SourceDate "2016.10.25"]
[SourceVersion "1"]
[SourceVersionDate "2016.10.25"]
[SourceQuality "1"]
[WhiteTeam "Halle Volksbank"]
[BlackTeam "Dessau"]
[WhiteTeamCountry "GER"]
[BlackTeamCountry "GER"]

1. d4 Nf6 2. c4 g6 3. Nc3 Bg7 4. e4 d6 5. Be2 0-0 6. Bg5 c5 7. d5 b5 8. cxb5 a6 9. a4 Qa5 10. Bd2 axb5 11. Bxb5 Ba6 12. Nge2 Qb4 13. Bxa6 Nxa6 14. f3 Nd7 15. 0-0 c4 16. Be3 Nac5 17. Qc2 Rfb8 18. Rfb1 Nb3 19. Ra2 Ndc5 20. Rd1 Nxa4 21. Nxa4 Rxa4 22. Rxa4 Qxa4 23. Nd4 Nc5 24. Rc1 Qxc2 25. Rxc2 Nd3 26. Rxc4 1/2-1/2

[Event "Oberliga Ost-A 1516"]
[Site "Germany"]
[Date "2015.09.20"]
[Round "1.4"]
[White "Schubert, Ralf"]
[Black "Kuna, Ralf Michael"]
[Result "1-0"]
[WhiteElo "2145"]
[BlackElo "2138"]
[PlyCount "75"]
[EventDate "2015.09.20"]
[EventType "team-tourn"]
[EventRounds "11"]
[EventCountry "GER"]
[SourceTitle "EXT 2017"]
[Source "ChessBase"]
[SourceDate "2016.10.25"]
[SourceVersion "1"]
[SourceVersionDate "2016.10.25"]
[SourceQuality "1"]
[WhiteTeam "Dessau"]
[BlackTeam "Magdeburg Rochade"]
[WhiteTeamCountry "GER"]
[BlackTeamCountry "GER"]

1. d4 Nf6 2. c4 e6 3. Nc3 Bb4 4. Qc2 c5 5. e3 Nc6 6. Nf3 d6 7. Bd3 e5 8. d5 Bxc3+ 9. Qxc3 Nb4 10. e4 Nxd3+ 11. Qxd3 h6 12. 0-0 Bg4 13. Ne1 g5 14. Nc2 Nh5 15. f3 Bd7 16. Be3 Nf4 17. Qd2 Ng6 18. b4 b6 19. bxc5 bxc5 20. Rab1 Rb8 21. Rxb8 Qxb8 22. Na3 Qc7 23. Rb1 0-0 24. Qb2 Qa5 25. Bd2 Qa4 26. Qc3 Ra8 27. Qa5 Qxa5 28. Bxa5 Kf8 29. Rb7 Bc8 30. Rc7 a6 31. Rc6 Ke7 32. Bc7 Kd7 33. Bxd6 Ne7 34. Bxe7 Kxe7 35. Rxc5 Bd7 36. Ra5 Bc8 37. c5 Rb8 38. Nc4 1-0

[Event "Landesliga Sued 0001"]
[Site "Bayern"]
[Date "2001.04.01"]
[Round "8"]
[White "Rohrmueller, Ulrich"]
[Black "Schubert, Ralf"]
[Result "1/2-1/2"]
[WhiteElo "2265"]
[BlackElo "2073"]
[PlyCount "47"]
[EventDate "2000.10.15"]
[EventType "team-tourn"]
[EventRounds "9"]
[EventCountry "GER"]
[SourceTitle "EXT 2020"]
[Source "ChessBase"]
[SourceDate "2019.10.17"]
[SourceVersion "1"]
[SourceVersionDate "2019.10.17"]
[SourceQuality "1"]
[WhiteTeam "Groebenzell"]
[BlackTeam "Fuerstenfeldbruck TuS"]
[WhiteTeamCountry "GER"]
[BlackTeamCountry "GER"]

1. d4 Nf6 2. Nf3 g6 3. Bf4 Bg7 4. e3 0-0 5. Be2 d6 6. h3 Nc6 7. 0-0 Nd7 8. c3 e5 9. Bh2 e4 10. Nfd2 f5 11. c4 Nf6 12. Nc3 Ne7 13. d5 g5 14. f3 exf3 15. Nxf3 Bh6 16. Nd4 Ne8 17. Bd3 Ng7 18. Kh1 Ng6 19. Qc2 g4 20. Nxf5 Nxf5 21. Bxf5 Bxf5 22. Rxf5 gxh3 23. gxh3 Bxe3 24. Raf1 1/2-1/2